| 000 | 00376nam a2200133Ia 4500 | ||
|---|---|---|---|
| 008 | 130318s9999 xx 000 0 und d | ||
| 020 | _a9788131726464 | ||
| 082 | _a658.05 BRO/I | ||
| 100 | _aBrown, Paul C | ||
| 245 | _aImplementing SOA:Total architecture in practice | ||
| 260 |
_bPearson Education _aNew Delhi _c2009 |
||
| 300 | _a699 | ||
| 650 | _aSERVICE ORIENTED ARCHITECTURE | ||
| 999 |
_c2157 _d2157 |
||